CoC Troops - Statistics

General Stats
  • This quiz has been taken 5 times
  • The average score is 21 of 35
Answer Stats
Answer % Correct
Archer
100%
Barbarian
100%
Dragon
100%
Giant
100%
Golem
100%
Hog rider
100%
Archer Queen
75%
Balloon
75%
Barbarian King
75%
Electro dragon
75%
Ice Golem
75%
Lava hound
75%
Minion
75%
Minion Prince
75%
Valkyrie
75%
Wall breaker
75%
Witch
75%
Wizard
75%
Baby Dragon
50%
Bowler
50%
Electro Titan
50%
Furnace
50%
Goblin
50%
Headhunter
50%
Miner
50%
Royal Champion
50%
Apprentice Warden
25%
Druid
25%
Grand Warden
25%
Healer
25%
PEKKA
25%
Root Rider
25%
Yeit
25%
Dragon Rider
0%
Thrower
0%
No matching quizzes found
Score Distribution
Percent of People with Each Score
Percentile by Number Answered
Your Score History
You have not taken this quiz